Marriage on Madison Avenue. #3 / Lauren Layne.
Available copies
- 2 of 2 copies available at LARL/NWRL Consortium.
- 2 of 2 copies available at Lake Agassiz Regional Library. (Show preferred library)
Current holds
0 current holds with 2 total copies.
Show All Copies
| Location | Call Number / Copy Notes | Barcode | Shelving Location | Status | Due Date |
|---|---|---|---|---|---|
| Breckenridge Public Library | LAY (Text) | 33500013191176 | Main | Available | - |
| Moorhead Public Library | LAY (Text) | 33500013191184 | Main | Available | - |
Record details
- ISBN: 9781501191633
- ISBN: 1501191632
- Physical Description: 274 pages ; 21 cm.
- Edition: First Gallery Books trade paperback edition.
- Publisher: New York : Gallery Books, 2020.
- Copyright: ©2020
Content descriptions
| General Note: | Sequel to: Love on Lexington Avenue. |
| Summary, etc.: | "Can guys and girls ever be just friends? ... Read More |
Search for related items by subject
| Genre: | Chick lit. Love stories. |
Search for related items by series
| LDR | 02632cam a22005418i 4500 | ||
|---|---|---|---|
| 001 | 334603 | ||
| 003 | LARL_NWRL_CONSORTIUM | ||
| 005 | 20200128204534.0 | ||
| 008 | 190624s2020 nyu 000 1 eng | ||
| 010 | . | ‡a 2019025639 | |
| 040 | . | ‡aDLC ‡beng ‡erda ‡cDLC ‡dBDX ‡dW5F ‡dOCLCO ‡dIUO ‡dTVP ‡dILC ‡dIEP | |
| 019 | . | ‡a1104326377 | |
| 020 | . | ‡a9781501191633 ‡q(trade paperback) | |
| 020 | . | ‡a1501191632 | |
| 020 | . | ‡z9781501191640 ‡q(ebook) | |
| 035 | . | ‡a(OCoLC)1104410806 ‡z(OCoLC)1104326377 | |
| 042 | . | ‡apcc | |
| 082 | 0 | 0. | ‡a813/.6 ‡223 |
| 100 | 1 | . | ‡aLayne, Lauren, ‡eauthor. |
| 245 | 1 | 0. | ‡aMarriage on Madison Avenue. ‡n#3 / ‡cLauren Layne. |
| 250 | . | ‡aFirst Gallery Books trade paperback edition. | |
| 264 | 1. | ‡aNew York : ‡bGallery Books, ‡c2020. | |
| 264 | 4. | ‡c©2020 | |
| 300 | . | ‡a274 pages ; ‡c21 cm. | |
| 336 | . | ‡atext ‡btxt ‡2rdacontent | |
| 337 | . | ‡aunmediated ‡bn ‡2rdamedia | |
| 338 | . | ‡avolume ‡bnc ‡2rdacarrier | |
| 490 | 0 | . | ‡aCentral Park Pact ; ‡v3 |
| 500 | . | ‡aSequel to: Love on Lexington Avenue. | |
| 520 | . | ‡a"Can guys and girls ever be just friends? According to Audrey Tate and Clarke West, absolutely. After all, they've been best friends since childhood without a single romantic entanglement. Clarke is the charming playboy Audrey can always count on, and he knows that the ever-loyal Audrey will never not play along with his strategy for dodging his matchmaking mother-announcing he's already engaged...to Audrey. But what starts out as a playful game between two best friends turns into something infinitely more complicated, as just-for-show kisses begin to stir up forbidden feelings. As the faux wedding date looms closer, Audrey and Clarke realize that they can never go back to the way things were, but deep down, do they really want to?"-- ‡cProvided by publisher. | |
| 650 | 0. | ‡aMan-woman relationships ‡vFiction. ‡0(LARL_NWRL_CONSORTIUM)165985 | |
| 650 | 0. | ‡aBest friends ‡vFiction. ‡0(LARL_NWRL_CONSORTIUM)168959 | |
| 650 | 0. | ‡aDeception ‡vFiction. ‡0(LARL_NWRL_CONSORTIUM)164560 | |
| 650 | 0. | ‡aRomance fiction. ‡0(LARL_NWRL_CONSORTIUM)29934 | |
| 651 | 0. | ‡aNew York (N.Y.) ‡vFiction. ‡0(LARL_NWRL_CONSORTIUM)166410 | |
| 650 | 7. | ‡aFICTION / Friendship. ‡2bisacsh | |
| 650 | 7. | ‡aFICTION / Romance / Romantic Comedy. ‡2bisacsh | |
| 650 | 7. | ‡aFICTION / Women. ‡2bisacsh | |
| 655 | 0. | ‡aChick lit. | |
| 655 | 7. | ‡aLove stories. ‡2gsafd | |
| 776 | 0 | 8. | ‡iOnline version: ‡aLayne, Lauren, ‡tMarriage on madison avenue ‡dNew York City : Gallery Books, 2020. ‡z9781501191640 ‡w(DLC) 2019025640 |
| 901 | . | ‡a334603 ‡bOCoLC ‡c334603 ‡tbiblio ‡soclc | |

Add to basket
Permalink
Enable Highlighting